[Event "Barcelona Sant Marti op-B 21st"]
[Site "Barcelona"]
[Date "2019.07.21"]
[Round "9"]
[White "Palomero Galvez, Antonio"]
[Black "Rovira Puig, Ricardo"]
[Result "1-0"]
[WhiteElo "1501"]
[BlackElo "1114"]
[PlyCount "27"]
[EventDate "2019.07.13"]
[EventType "swiss"]
[EventRounds "9"]
[EventCountry "ESP"]
[SourceTitle "EXT 2020"]
[Source "ChessBase"]
[SourceDate "2019.10.17"]
[SourceVersion "1"]
[SourceVersionDate "2019.10.17"]
[SourceQuality "1"]

1. Nf3 e6 2. e4 g5 3. d4 g4 4. Ne5 f5 5. exf5 exf5 6. Bc4 d5 7. Bb3 Ne7 8. Nc3 Be6 9. Bf4 h5 10. Qe2 Nec6 11. 0-0-0 a6 12. Nxc6 Nxc6 13. Qxe6+ Ne7 14. Nxd5 1-0

[Event "Barcelona Sant Marti op-B 21st"]
[Site "Barcelona"]
[Date "2019.07.14"]
[Round "2"]
[White "Pla Carulla, Joaquim"]
[Black "Palomero Galvez, Antonio"]
[Result "1-0"]
[WhiteElo "1813"]
[BlackElo "1501"]
[PlyCount "65"]
[EventDate "2019.07.13"]
[EventType "swiss"]
[EventRounds "9"]
[EventCountry "ESP"]
[SourceTitle "EXT 2020"]
[Source "ChessBase"]
[SourceDate "2019.10.17"]
[SourceVersion "1"]
[SourceVersionDate "2019.10.17"]
[SourceQuality "1"]

1. d4 Nf6 2. Bg5 h6 3. Bxf6 gxf6 4. c4 e5 5. e3 d6 6. Nc3 c6 7. Nge2 Nd7 8. g3 Nb6 9. b3 Bg4 10. Bg2 Qd7 11. h3 Be6 12. a4 a5 13. Rc1 Be7 14. Qd2 f5 15. d5 cxd5 16. cxd5 Nxd5 17. Nxd5 Bxd5 18. Bxd5 0-0 19. Bg2 Rfd8 20. Qd5 Ra7 21. 0-0 Kg7 22. Rc4 Rc8 23. Rfc1 Rxc4 24. Rxc4 b6 25. Nc3 e4 26. Qc6 Qe6 27. Qxb6 Qd7 28. Nd5 Bd8 29. Qd4+ f6 30. h4 Rb7 31. Rc3 Qe6 32. Bf1 Kg6 33. Nf4+ 1-0

[Event "Barcelona Ideal Clave op 21st"]
[Site "Barcelona"]
[Date "2017.11.18"]
[Round "7"]
[White "Bieg Pagel, Clemens"]
[Black "Palomero Galvez, Antonio"]
[Result "1-0"]
[WhiteElo "1773"]
[BlackElo "1670"]
[PlyCount "59"]
[EventDate "2017.09.30"]
[EventType "swiss"]
[EventRounds "8"]
[EventCountry "ESP"]
[SourceTitle "CBM 181 Extra"]
[Source "ChessBase"]
[SourceDate "2017.12.12"]
[SourceVersion "1"]
[SourceVersionDate "2017.12.12"]
[SourceQuality "1"]

1. e4 d6 2. d4 Nf6 3. Nc3 g6 4. Nf3 Nbd7 5. Be2 Bg7 6. 0-0 0-0 7. h3 Re8 8. e5 dxe5 9. dxe5 Nh5 10. e6 fxe6 11. Ng5 Nf8 12. Bxh5 Qxd1 13. Bxd1 Bd7 14. Bf3 c6 15. Be3 b6 16. Rad1 h6 17. Nge4 e5 18. Rd2 Rac8 19. Rfd1 Be6 20. a4 Nh7 21. a5 c5 22. Nb5 bxa5 23. Nxc5 Bc4 24. Nxa7 Rc7 25. b3 Rxa7 26. bxc4 Nf6 27. Ne4 Ra6 28. Nxf6+ Rxf6 29. c5 Kh8 30. c6 1-0

[Event "Barcelona Ideal Clave op 21st"]
[Site "Barcelona"]
[Date "2017.10.21"]
[Round "3"]
[White "Arias Aranda, Guillem"]
[Black "Palomero Galvez, Antonio"]
[Result "0-1"]
[WhiteElo "1419"]
[BlackElo "1670"]
[PlyCount "64"]
[EventDate "2017.09.30"]
[EventType "swiss"]
[EventRounds "8"]
[EventCountry "ESP"]
[SourceTitle "CBM 181 Extra"]
[Source "ChessBase"]
[SourceDate "2017.12.12"]
[SourceVersion "1"]
[SourceVersionDate "2017.12.12"]
[SourceQuality "1"]

1. e4 e6 2. b3 c5 3. Bb2 Nf6 4. e5 Nd5 5. Bc4 Nb6 6. Be2 d5 7. f4 g5 8. Bb5+ N8d7 9. Qf3 h5 10. fxg5 Qxg5 11. Nh3 Qh4+ 12. Qf2 Be7 13. Qxh4 Bxh4+ 14. g3 Be7 15. 0-0 a6 16. Be2 d4 17. Nf4 Nxe5 18. Nxh5 Nd5 19. Nf4 Nf6 20. Nd3 Nxd3 21. Bxd3 e5 22. Be2 Be6 23. Ba3 Nd7 24. c3 Bd5 25. Bf3 e4 26. c4 Bc6 27. Bg4 Ne5 28. Bd1 0-0-0 29. d3 e3 30. Rf4 f6 31. Bb2 Nxd3 32. Bg4+ Bd7 0-1

[Event "Barcelona Ideal Clave op 20th"]
[Site "Barcelona"]
[Date "2016.10.29"]
[Round "5"]
[White "Fernandez Garcia, Jesus"]
[Black "Palomero Galvez, Antonio"]
[Result "1-0"]
[WhiteElo "1616"]
[BlackElo "1591"]
[PlyCount "47"]
[EventDate "2016.10.01"]
[EventType "swiss"]
[EventRounds "8"]
[EventCountry "ESP"]
[SourceTitle "EXT 2018"]
[Source "ChessBase"]
[SourceDate "2017.10.13"]
[SourceVersion "1"]
[SourceVersionDate "2017.10.13"]
[SourceQuality "1"]

1. e4 e5 2. Nf3 Nc6 3. Bc4 Bc5 4. c3 Nf6 5. b4 Bd6 6. d3 Ne7 7. Ng5 0-0 8. 0-0 c6 9. Nf3 b5 10. Bb3 a5 11. a3 axb4 12. cxb4 Ng6 13. Bd2 Qe7 14. Nc3 Bb7 15. Ne2 h6 16. Ng3 Qe8 17. Nf5 Bc7 18. Qc1 Kh7 19. Bxh6 Rg8 20. Ng5+ Kh8 21. Nxf7+ Kh7 22. Ng5+ Kh8 23. Bxg8 Qxg8 24. Bxg7+ 1-0

[Event "Barcelona Ideal Clave op 20th"]
[Site "Barcelona"]
[Date "2016.10.01"]
[Round "1"]
[White "Palomero Galvez, Antonio"]
[Black "Fabregas Fontanet, Antonio"]
[Result "0-1"]
[WhiteElo "1591"]
[BlackElo "1953"]
[PlyCount "68"]
[EventDate "2016.10.01"]
[EventType "swiss"]
[EventRounds "8"]
[EventCountry "ESP"]
[SourceTitle "EXT 2018"]
[Source "ChessBase"]
[SourceDate "2017.10.13"]
[SourceVersion "1"]
[SourceVersionDate "2017.10.13"]
[SourceQuality "1"]

1. Nf3 g6 2. c4 Bg7 3. d4 c6 4. e4 d5 5. Nc3 dxe4 6. Nxe4 Nf6 7. Nxf6+ Bxf6 8. Be3 0-0 9. Be2 Bf5 10. 0-0 Nd7 11. h3 Nb6 12. Rc1 Re8 13. g4 Bc8 14. Re1 Bg7 15. Bf1 Nd7 16. g5 e5 17. Rc2 exd4 18. Bxd4 Rxe1 19. Qxe1 Bxd4 20. Re2 Nf8 21. Re8 Qd6 22. Nxd4 Kg7 23. Qc3 Kg8 24. h4 Rb8 25. c5 Qc7 26. Bc4 Bg4 27. Re3 Rd8 28. Bb3 Qf4 29. Nf3 Ne6 30. Qe5 Bxf3 31. Qxf4 Nxf4 32. Bxf7+ Kxf7 33. Rxf3 Rd4 34. Kh2 Ke7 0-1

[Event "Barcelona Sant Marti op-B 18th"]
[Site "Barcelona"]
[Date "2016.07.17"]
[Round "5.32"]
[White "Palomero Galvez, Antonio"]
[Black "Martinez Hernandez, Emili"]
[Result "1/2-1/2"]
[WhiteElo "1593"]
[BlackElo "1796"]
[PlyCount "54"]
[EventDate "2016.07.13"]
[EventType "swiss"]
[EventRounds "9"]
[EventCountry "ESP"]
[SourceTitle "EXT 2024"]
[Source "ChessBase"]
[SourceDate "2023.10.10"]
[SourceVersion "1"]
[SourceVersionDate "2023.10.10"]
[SourceQuality "1"]

1. d4 Nf6 2. c4 e5 3. Nc3 Bb4 4. e3 exd4 5. exd4 0-0 6. Bd3 Qe7+ 7. Nge2 Bxc3+ 8. bxc3 d6 9. 0-0 Bg4 10. f3 Bh5 11. Re1 Qd7 12. Nf4 Bg6 13. Nxg6 fxg6 14. Rb1 c6 15. Qb3 b6 16. Be3 c5 17. Bf2 Nc6 18. Rb2 Rae8 19. Rbe2 Nh5 20. Qb5 Rxe2 21. Bxe2 Qc8 22. Qa4 Nf4 23. Bf1 cxd4 24. cxd4 Na5 25. Bg3 g5 26. Re7 Nc6 27. Re4 Na5 1/2-1/2

[Event "Barcelona Sant Marti op-B 18th"]
[Site "Barcelona"]
[Date "2016.07.16"]
[Round "4.60"]
[White "Minko, Aleksandr"]
[Black "Palomero Galvez, Antonio"]
[Result "0-1"]
[WhiteElo "1145"]
[BlackElo "1593"]
[PlyCount "92"]
[EventDate "2016.07.13"]
[EventType "swiss"]
[EventRounds "9"]
[EventCountry "ESP"]
[SourceTitle "EXT 2024"]
[Source "ChessBase"]
[SourceDate "2023.10.10"]
[SourceVersion "1"]
[SourceVersionDate "2023.10.10"]
[SourceQuality "1"]

1. e4 c5 2. Nf3 d6 3. d4 cxd4 4. Nxd4 Nf6 5. Nc3 g6 6. Bb5+ Nbd7 7. 0-0 a6 8. Ba4 Bg7 9. Bf4 e5 10. Nde2 exf4 11. Nxf4 0-0 12. Qxd6 Qb6 13. Qxb6 Nxb6 14. e5 Ng4 15. Nd3 Nxe5 16. Nc5 Nxa4 17. N3xa4 Nc4 18. Nd3 Bf5 19. Rab1 Nd2 20. Nb6 Rad8 21. Rbd1 Nxf1 22. Kxf1 Bxd3+ 23. cxd3 Bxb2 24. Nc4 Bg7 25. h4 Rd4 26. g3 Rfd8 27. Nb2 Rb4 28. Nc4 Rxc4 29. Ke2 Rc2+ 30. Ke1 Rxa2 31. f4 Rh2 32. d4 Rh1+ 33. Ke2 Rh2+ 34. Ke1 Re8+ 35. Kf1 Rh1+ 36. Kg2 Rxd1 37. Kh3 Ree1 38. Kg4 Rg1 39. d5 h5+ 40. Kh3 Rd3 41. d6 Rgxg3+ 42. Kh2 Rge3 43. Kg2 Rd2+ 44. Kf1 Ra3 45. Ke1 Bc3 46. d7 Ra1# 0-1

[Event "Barcelona Sant Marti op-B 17th"]
[Site "Barcelona"]
[Date "2015.07.19"]
[Round "7"]
[White "Palomero Galvez, Antonio"]
[Black "Pascual Gonzalez, Novelles David"]
[Result "1/2-1/2"]
[WhiteElo "1762"]
[BlackElo "1869"]
[PlyCount "95"]
[EventDate "2015.07.13"]
[EventType "swiss"]
[EventRounds "9"]
[EventCountry "ESP"]
[SourceTitle "EXT 2016"]
[Source "ChessBase"]
[SourceDate "2015.10.08"]
[SourceVersion "1"]
[SourceVersionDate "2015.10.08"]
[SourceQuality "1"]

1. e4 e5 2. Nf3 d6 3. Bc4 Be7 4. d3 Nf6 5. 0-0 0-0 6. a4 Nc6 7. c3 a6 8. b4 Be6 9. Bxe6 fxe6 10. Qb3 d5 11. Nbd2 h6 12. Bb2 Bd6 13. Rae1 Qd7 14. Re2 Rae8 15. Rfe1 Kh8 16. Nf1 Nh5 17. exd5 exd5 18. Bc1 d4 19. b5 axb5 20. axb5 Na5 21. Qa4 b6 22. cxd4 Nf4 23. Bxf4 Rxf4 24. Nxe5 Bxe5 25. Rxe5 Ref8 26. Re7 Qf5 27. Re8 Rxf2 28. Rxf8+ Qxf8 29. Qd1 Nb7 30. Ng3 Rb2 31. Rf1 Qd8 32. Qa4 Qd5 33. Rf2 Rxf2 34. Kxf2 Nd6 35. Qb4 Qxb5 36. Qxb5 Nxb5 37. Ke3 Nd6 38. Ne2 g5 39. Kd2 Kg7 40. Nc3 c6 41. Ne4 Nb5 42. Ke3 Kf7 43. Nd2 Nd6 44. Nc4 Nc8 45. Ne5+ Ke6 46. Nxc6 Kd6 47. Nb4 Ne7 48. Ke4 1/2-1/2

[Event "Barcelona Sant Marti op-B 16th"]
[Site "Barcelona"]
[Date "2014.07.19"]
[Round "7"]
[White "Palomero Galvez, Antonio"]
[Black "Romeo Ros, Joaquin"]
[Result "0-1"]
[WhiteElo "1750"]
[BlackElo "1858"]
[PlyCount "61"]
[EventDate "2014.07.13"]
[EventType "swiss"]
[EventRounds "9"]
[EventCountry "ESP"]
[SourceTitle "CBM 161 Extra"]
[Source "ChessBase"]
[SourceDate "2014.08.29"]
[SourceVersion "1"]
[SourceVersionDate "2014.08.29"]
[SourceQuality "1"]

1. Nf3 Nc6 2. c4 e5 3. d3 g6 4. Nc3 Bg7 5. Bg5 Nce7 6. e4 c6 7. Qd2 d6 8. h3 Nf6 9. Bh6 0-0 10. Bxg7 Kxg7 11. g4 Qc7 12. Ne2 d5 13. cxd5 cxd5 14. Rc1 Qd6 15. g5 Nh5 16. Qc3 Nc6 17. exd5 Qxd5 18. Bg2 Re8 19. a3 Bf5 20. Nh4 Qxd3 21. Qxd3 Bxd3 22. Rc3 Bxe2 23. Kxe2 Nf4+ 24. Kf3 Nd4+ 25. Kg4 h5+ 26. gxh6+ Kxh6 27. Bxb7 f5+ 28. Nxf5+ gxf5+ 29. Kh4 Rab8 30. Rc7 e4 31. Rg1 0-1

[Event "Barcelona Sant Marti op-B 15th"]
[Site "Barcelona"]
[Date "2013.07.16"]
[Round "4"]
[White "Alvarez Serrano, Carlos"]
[Black "Palomero Galvez, Antonio"]
[Result "1-0"]
[WhiteElo "1894"]
[BlackElo "1625"]
[PlyCount "79"]
[EventDate "2013.07.13"]
[EventType "swiss"]
[EventRounds "9"]
[EventCountry "ESP"]
[SourceTitle "CBM 155 Extra"]
[Source "ChessBase"]
[SourceDate "2013.08.26"]
[SourceVersion "1"]
[SourceVersionDate "2013.08.26"]
[SourceQuality "1"]

1. e4 e6 2. d4 d5 3. Nc3 Nf6 4. Bg5 dxe4 5. Nxe4 Be7 6. Bxf6 Bxf6 7. Nf3 Nd7 8. Bd3 h6 9. Qd2 a5 10. 0-0 0-0 11. c4 Re8 12. a3 Be7 13. b4 c6 14. Rfd1 axb4 15. axb4 Rxa1 16. Rxa1 f5 17. Nc5 Nxc5 18. bxc5 Bf6 19. Qe3 Qc7 20. Bxf5 Qd8 21. Bg6 Re7 22. Ra8 Bxd4 23. Nxd4 Rd7 24. Qxe6+ Kh8 25. h3 Rc7 26. Qe8+ Qxe8 27. Bxe8 Kh7 28. Bh5 g6 29. Bg4 Bxg4 30. hxg4 Rd7 31. Nf3 Rd1+ 32. Kh2 Rc1 33. Ne5 Re1 34. Nf7 Re4 35. Nd6 Rxg4 36. Ra7 Rf4 37. Rxb7+ Kg8 38. Kg3 Rf6 39. Rb8+ Kg7 40. Ne8+ 1-0

[Event "Sant Boi de Llobregat op 21st"]
[Site "Sant Boi de Llobregat"]
[Date "2009.04.24"]
[Round "1.10"]
[White "Palomero Galvez, Antonio"]
[Black "Diaz Carrasco, Sergio"]
[Result "1-0"]
[WhiteElo "1689"]
[BlackElo "2146"]
[PlyCount "53"]
[EventDate "2009.04.24"]
[EventType "swiss"]
[EventRounds "8"]
[EventCountry "ESP"]
[SourceTitle "EXT 2024"]
[Source "ChessBase"]
[SourceDate "2023.10.10"]
[SourceVersion "1"]
[SourceVersionDate "2023.10.10"]
[SourceQuality "1"]

1. d4 Nf6 2. c4 c5 3. d5 e6 4. Nc3 exd5 5. cxd5 d6 6. e4 g6 7. h3 Bg7 8. Nf3 0-0 9. Bd3 Re8 10. 0-0 a6 11. a4 Nbd7 12. a5 Qc7 13. Be3 b5 14. axb6 Nxb6 15. Qe2 Bd7 16. Nd2 a5 17. f3 Re7 18. Nc4 Nh5 19. Qf2 Nxc4 20. Bxc4 Rb8 21. Rfc1 f5 22. g4 f4 23. Bxc5 dxc5 24. d6+ Be6 25. dxc7 Rc8 26. Bxe6+ Rxe6 27. Qxc5 1-0